000 00562nmm a2200229 a 4500
003 AR-BaBNM
005 20251128211316.0
008 173120s1988 ||||||||||||||000 | spa||
020 _a84-350-0786-3
040 _cAR-BaBNM
100 1 _aGreene, Graham
245 1 0 _aEl ministerio del miedo
250 _a1ยช ed.
260 _aBarcelona
_bEdhasa
_c1988
650 4 _aNOVELAS
650 4 _aLITERATURA CONTEMPORANEA
650 4 _aLITERATURA INGLESA
655 _aLITERATURA
700 1 _aCarril, Pedro del
_etraductor
942 _cBK
998 _cmartin
999 _c19090
_d19090